00469nam a2200121Ia 4500999001700000100001400017245006400031260006300095300000800158504002600166942001200192952014300204 c12910d12910 aSah, D.C. 0aDynamics of fertiliser use in western tribal Madhya Pradesh bIndian Council of Social Science Research, New Delhic2006 a103 aincludes bibliography cRP2ddc 001040718IRPaNASSDOCbNASSDOCd2007-06-14eGifted by : RP&F Division, ICSSRi2007-06-07l0p43565r2019-04-18 00:00:00w2019-04-18yRP